[Event "Olimpiade 2014 - Open"]
[Site "Tromsø"]
[Date "03.08.2014"]
[Round "2.5"]
[Board "2"]
[White "Sargissian, Gabriel"]
[Black "Ly, Moulthun"]
[Result "1-0"]
[WhiteTitle "GM"]
[BlackTitle "IM"]
[WhiteElo "2686"]
[BlackElo "2462"]
[WhiteTeam "Armenia"]
[BlackTeam "Australia"]
[WhiteFideId "13300881"]
[BlackFideId "3204405"]
[EventDate "2014.08.02"]

1. d4 Nf6 2. c4 e6 3. Nf3 d5 4. Nc3 Bb4 5. Bg5 h6 6. Bxf6 Qxf6 7. Qa4+ Nc6 8. e3
O-O 9. Be2 Bd7 10. Qb3 dxc4 11. Qxc4 Qg6 12. O-O Bd6 13. Rfd1 a6 14. Rac1 Rfd8
15. Nh4 Qf6 16. g3 Qe7 17. Ne4 Be8 18. Nc5 Rab8 19. Bf3 g5 20. Ng2 a5 21. Rd2 b5
22. Qe2 Rb6 23. Ne4 a4 24. Ne1 Nb4 25. a3 Nc6 26. Nd3 Na5 27. Rdc2 Nb3 28. Rd1
f5 29. Nec5 Na5 30. Rdc1 Nc4 31. Rc3 Bxc5 32. Nxc5 e5 33. Nxa4 Rbd6 34. b3 g4
35. Bd5+ Rxd5 36. bxc4 bxc4 37. Qxc4 exd4 38. exd4 Bf7 39. Qxc7 Qe8 40. Qc6 Rxd4
41. Qxe8+ Bxe8 42. Nb2 Kf7 43. Re1 Kf6 44. Nc4 Bc6 45. Ne3 Be4 46. Rc4 h5 47.
Rxd4 Rxd4 48. Ra1 Ra4 49. Nd1 Bf3 50. Nb2 Rd4 51. a4 f4 52. a5 h4 53. gxf4 Kf5
54. a6 Kxf4 55. Ra4 Rxa4 56. Nxa4 g3 57. Nc5 Ke5 58. fxg3 hxg3 59. hxg3 Kd6 60.
Kf2 Bc6 61. Nd3 Kc7 62. g4 Kb6 63. Nb4 Ba8 64. g5 Kb5 65. g6 1-0

[Event "Olimpiade 2014 - Open"]
[Site "Tromsø"]
[Date "03.08.2014"]
[Round "2.5"]
[Board "3"]
[White "Illingworth, Max"]
[Black "Movsesian, Sergei"]
[Result "1/2-1/2"]
[WhiteTitle "IM"]
[BlackTitle "GM"]
[WhiteElo "2439"]
[BlackElo "2672"]
[WhiteTeam "Australia"]
[BlackTeam "Armenia"]
[WhiteFideId "3205207"]
[BlackFideId "310204"]
[EventDate "2014.08.02"]

1. d4 Nf6 2. c4 d6 3. Nc3 Nbd7 4. Nf3 g6 5. e4 e5 6. Be2 Bg7 7. O-O O-O 8. Be3
Ng4 9. Bg5 f6 10. Bh4 Nh6 11. d5 Nf7 12. Ne1 h5 13. f3 Bh6 14. Bf2 f5 15. Nd3
Nf6 16. c5 fxe4 17. fxe4 Ng5 18. Bh4 Qe8 19. cxd6 cxd6 20. Nf2 Ngh7 21. Bg3 a6
22. Qd3 Bd7 23. a4 Qe7 24. a5 Ne8 25. Nfd1 Nc7 26. Bf2 Rac8 27. Qg3 Bg5 28. h4
Bf4 29. Qxg6+ Kh8 30. Ne3 Rg8 31. Nf5 Bxf5 32. Qxf5 Qg7 33. Bf3 Rcf8 34. Qxh5
Ne8 35. Ne2 Bh6 36. Ra3 Nhf6 37. Qf5 Nxd5 38. Qh3 Ne7 39. Ng3 Ng6 40. Nh5 Qe7
41. g4 Bd2 42. g5 Ng7 43. Qg4 Nf4 44. Ng3 Nge6 45. Bd1 Qh7 46. Nf5 d5 47. Nh6
Nxg5 48. hxg5 Rxg5 49. Qxg5 Ne2+ 50. Bxe2 Bxg5 51. Nf5 Bf4 52. Ng3 Qh3 53. Rd1
Rg8 54. Bf1 Qh4 55. Kg2 Bxg3 56. Bxg3 Qxe4+ 57. Kg1 Rg5 58. Bg2 Qg6 59. Rdd3 d4
60. Rab3 e4 61. Rxd4 Rxg3 62. Rd8+ Kg7 63. Rxb7+ Kh6 64. Rb6 Rxg2+ 65. Kf1 Rxb2
66. Rxg6+ Kxg6 67. Rd6+ Kf5 68. Rxa6 Kf4 69. Rb6 Ra2 70. Rb3 1/2-1/2

[Event "Olimpiade 2014 - Open"]
[Site "Tromsø"]
[Date "03.08.2014"]
[Round "2.5"]
[Board "4"]
[White "Akopian, Vladimir"]
[Black "Ikeda, Junta"]
[Result "1-0"]
[WhiteTitle "GM"]
[BlackTitle "FM"]
[WhiteElo "2655"]
[BlackElo "2402"]
[WhiteTeam "Armenia"]
[BlackTeam "Australia"]
[WhiteFideId "13300032"]
[BlackFideId "3204731"]
[EventDate "2014.08.02"]

1. e4 c5 2. Nf3 e6 3. d4 cxd4 4. Nxd4 a6 5. Bd3 Bc5 6. Nb3 Be7 7. Qg4 g6 8. Qe2
d6 9. O-O Nd7 10. Na3 Ne5 11. Nc4 Nxc4 12. Bxc4 Qc7 13. Bd3 e5 14. h3 Be6 15. c3
Rc8 16. Rd1 Nf6 17. Bh6 Rg8 18. Bg5 h6 19. Bxf6 Bxf6 20. Nd2 h5 21. Bc2 g5 22.
Bb3 g4 23. Bxe6 fxe6 24. Nf1 Ke7 25. Rd3 Rg6 26. hxg4 Rxg4 27. Rad1 Rcg8 28. Ne3
R4g5 29. Rxd6 Qxd6 30. Rxd6 Kxd6 31. Kf1 Bd8 32. Qc4 Kd7 33. Qb4 b5 34. c4 Bb6
35. c5 Bc7 36. a4 Kc6 37. axb5+ axb5 38. Qa3 R5g6 39. b4 Kb7 40. Qd3 Kc6 41. Nd5
R6g7 42. Nxc7 Kxc7 43. Qxb5 1-0

[Event "Olimpiade 2014 - Open"]
[Site "Tromsø"]
[Date "03.08.2014"]
[Round "2.6"]
[Board "1"]
[White "Leko, Peter"]
[Black "Iturrizaga Bonelli, Eduardo"]
[Result "1/2-1/2"]
[WhiteTitle "GM"]
[BlackTitle "GM"]
[WhiteElo "2740"]
[BlackElo "2653"]
[WhiteTeam "Hungary"]
[BlackTeam "Venezuela"]
[WhiteFideId "703303"]
[BlackFideId "3901211"]
[EventDate "2014.08.02"]

1. d4 Nf6 2. c4 e6 3. Nf3 c5 4. g3 cxd4 5. Nxd4 Bb4+ 6. Bd2 Bxd2+ 7. Nxd2 Nc6 8.
N2b3 Qb6 9. e3 O-O 10. Be2 d5 11. cxd5 exd5 12. Nxc6 bxc6 13. Qd4 Ba6 14. Bxa6
Qxa6 15. Nc5 Qc8 16. O-O Qh3 17. f3 Rfe8 18. Rae1 Re7 19. e4 dxe4 20. Nxe4 Nxe4
21. Rxe4 Rxe4 22. Qxe4 Qd7 23. Re1 h6 24. Kg2 Rd8 25. b3 Qd2+ 26. Re2 Qc3 27.
Qc2 Qxc2 28. Rxc2 Rd1 29. g4 Kf8 30. Kg3 Rd6 31. Rc4 Ke7 32. Ra4 Rd7 33. Kf4 Ke6
34. h4 Kd5 35. h5 Re7 36. Ra6 Kc5 37. Kf5 Kb5 38. Ra4 c5 39. f4 a5 40. g5 Re6
41. Re4 Rd6 42. Re7 hxg5 43. Rb7+ Kc6 44. Rxf7 gxf4 45. Kxf4 Rd5 46. Kg4 Rd2 47.
Kh3 Rd1 48. Kh4 Rh1+ 49. Kg5 Rg1+ 50. Kf5 Rf1+ 51. Kg6 Rg1+ 52. Kf5 Rf1+ 1/2-1/2

[Event "Olimpiade 2014 - Open"]
[Site "Tromsø"]
[Date "03.08.2014"]
[Round "2.6"]
[Board "2"]
[White "Ynojosa Aponte, Felix Jose"]
[Black "Almasi, Zoltan"]
[Result "0-1"]
[WhiteTitle "IM"]
[BlackTitle "GM"]
[WhiteElo "2448"]
[BlackElo "2690"]
[WhiteTeam "Venezuela"]
[BlackTeam "Hungary"]
[WhiteFideId "3900258"]
[BlackFideId "702293"]
[EventDate "2014.08.02"]

1. c4 c5 2. Nc3 g6 3. e3 Nf6 4. d4 cxd4 5. exd4 d5 6. Bg5 Ne4 7. Nxe4 dxe4 8.
Ne2 Bg7 9. Qd2 O-O 10. Rd1 Nc6 11. Be3 Qc7 12. Nc3 Rd8 13. Nb5 Qb8 14. d5 Ne5
15. Be2 a6 16. Nc3 Qc7 17. Na4 Bg4 18. Bb6 Qd7 19. Bxd8 Rxd8 20. Nc5 Qc8 21.
Bxg4 Qxg4 22. Qe2 Qxg2 23. Qxe4 Qh3 24. Nd3 Nf3+ 25. Ke2 Nd4+ 26. Kd2 Qd7 27. b3
e6 28. dxe6 Nxe6 29. Kc2 Qe7 30. Nc1 Rc8 31. Ne2 b5 32. Rd2 bxc4 33. bxc4 Qb4
34. Kd1 Rxc4 35. Qa8+ Bf8 36. Ke1 Nd4 37. a3 Nc2+ 38. Kd1 Qb1+ 39. Nc1 Nd4 40.
Rxd4 Qc2+ 0-1

[Event "Olimpiade 2014 - Open"]
[Site "Tromsø"]
[Date "03.08.2014"]
[Round "2.6"]
[Board "3"]
[White "Rapport, Richard"]
[Black "Rohl Montes, Juan Armando"]
[Result "0-1"]
[WhiteTitle "GM"]
[BlackTitle "IM"]
[WhiteElo "2704"]
[BlackElo "2390"]
[WhiteTeam "Hungary"]
[BlackTeam "Venezuela"]
[WhiteFideId "738590"]
[BlackFideId "3900487"]
[EventDate "2014.08.02"]

1. Nf3 d5 2. b3 Bg4 3. Ne5 Bf5 4. e3 Nd7 5. Nxd7 Qxd7 6. Bb2 e6 7. d3 Nf6 8. Nd2
O-O-O 9. Be2 Kb8 10. a3 Bd6 11. c4 Qe7 12. b4 c6 13. Qa4 Bc7 14. Bd4 b6 15. Rc1
e5 16. Bb2 d4 17. e4 Bd7 18. Qb3 Be6 19. a4 Nd7 20. a5 b5 21. O-O Bd6 22. Qc2
Rc8 23. c5 Bc7 24. f4 f6 25. Nf3 g5 26. fxe5 fxe5 27. Nd2 g4 28. Rce1 h5 29. Bd1
Nf8 30. Qb1 Ng6 31. Bb3 Rcf8 32. Bxe6 Qxe6 33. Bc1 h4 34. Qb3 Qe7 35. Qd1 Qe6
36. Rxf8+ Rxf8 37. Rf1 Rxf1+ 38. Qxf1 Bd8 39. Qf5 Qxf5 40. exf5 Nf4 41. Kf1 Nxd3
42. Ba3 Nf4 43. Ne4 Nd5 44. Bc1 Kc7 45. Bd2 Kd7 46. Ke2 Nf6 47. Ng5 e4 48. Ne6
d3+ 49. Ke3 Bc7 50. Nxc7 Kxc7 51. Kf4 Kd7 52. Ke5 Ke7 53. a6 Kf7 54. Kf4 h3 55.
g3 Ke7 56. Ke5 Nh5 57. Bg5+ Kf7 58. Kd6 Nxg3 59. Kxc6 Nxf5 0-1

[Event "Olimpiade 2014 - Open"]
[Site "Tromsø"]
[Date "03.08.2014"]
[Round "2.7"]
[Board "2"]
[White "Onischuk, Alexander"]
[Black "Rios, Cristhian Camilo"]
[Result "1-0"]
[WhiteTitle "GM"]
[BlackTitle "IM"]
[WhiteElo "2659"]
[BlackElo "2427"]
[WhiteTeam "United States of America"]
[BlackTeam "Colombia"]
[WhiteFideId "14101025"]
[BlackFideId "4403940"]
[EventDate "2014.08.02"]

1. d4 Nf6 2. c4 e6 3. Nf3 Bb4+ 4. Bd2 a5 5. Nc3 d5 6. e3 O-O 7. Bd3 b6 8. a3
Bxc3 9. Bxc3 Ba6 10. Qe2 Nbd7 11. O-O Qe7 12. Rfd1 Rfc8 13. Ne5 c6 14. Nxd7 Qxd7
15. b3 a4 16. bxa4 Bxc4 17. Bxc4 dxc4 18. Qxc4 Qa7 19. a5 bxa5 20. Rab1 c5 21.
dxc5 Qxc5 22. Rd8+ 1-0

[Event "Olimpiade 2014 - Open"]
[Site "Tromsø"]
[Date "03.08.2014"]
[Round "2.7"]
[Board "3"]
[White "Ruiz C, Joshua D"]
[Black "Akobian, Varuzhan"]
[Result "1/2-1/2"]
[WhiteTitle "IM"]
[BlackTitle "GM"]
[WhiteElo "2382"]
[BlackElo "2653"]
[WhiteTeam "Colombia"]
[BlackTeam "United States of America"]
[WhiteFideId "4400704"]
[BlackFideId "13300580"]
[EventDate "2014.08.02"]

1. e4 e6 2. d4 d5 3. Nc3 Nf6 4. Bg5 dxe4 5. Nxe4 Nbd7 6. Nf3 h6 7. Nxf6+ Nxf6 8.
Bf4 Bd6 9. Bxd6 Qxd6 10. c3 O-O 11. Be2 b6 12. Ne5 Bb7 13. Bf3 Bxf3 14. Qxf3 c5
15. Qc6 Qb8 16. Qf3 Rc8 17. O-O Qc7 18. Qe3 cxd4 19. Qxd4 Rd8 20. Qe3 Rd5 21.
Nf3 Rad8 22. h3 a5 23. Qe2 a4 24. Rac1 b5 25. Rfd1 Qf4 26. Rb1 Qe4 27. Qxe4 Nxe4
28. Rdc1 Nd2 29. Nxd2 Rxd2 30. c4 Rc8 31. cxb5 Rxc1+ 32. Rxc1 Rxb2 33. a3 Rxb5
34. Rc8+ Kh7 35. Ra8 Rb1+ 36. Kh2 Rb2 37. Kg1 Rb1+ 38. Kh2 Rb2 39. Kg1 g5 40.
Rxa4 Rb1+ 41. Kh2 Rb2 42. Kg1 Ra2 43. Ra8 Ra1+ 44. Kh2 Ra2 45. Kg1 h5 46. a4 h4
47. a5 Ra1+ 48. Kh2 Ra2 49. Kg1 Kg6 50. Ra7 Ra1+ 51. Kh2 Rf1 52. f3 Ra1 53. a6
f6 54. Ra8 Kf5 55. Ra7 e5 56. Ra8 Kf4 57. Ra7 Ke3 58. Ra8 Kf4 59. Ra7 f5 60. Ra8
e4 61. fxe4 fxe4 62. a7 Ke3 63. g4 Ke2 64. Re8 Rxa7 65. Rxe4+ Kf3 66. Rb4 Re7
67. Rb5 Re2+ 68. Kg1 Kg3 69. Rb3+ Kf4 70. Rb5 Rd2 71. Rb3 Rd1+ 72. Kg2 Rd2+ 73.
Kg1 Re2 74. Rb5 Kf3 75. Ra5 Re3 76. Kh2 Re2+ 77. Kg1 Kg3 78. Ra3+ Kf4 79. Ra5
Re5 80. Ra4+ Re4 81. Ra5 Re5 82. Ra4+ Kf3 83. Kh2 Kf2 84. Ra2+ Re2 85. Ra5 Kf3+
86. Kg1 Rg2+ 87. Kh1 Re2 88. Kg1 Kg3 89. Ra3+ Kf4 90. Ra5 Re5 1/2-1/2

[Event "Olimpiade 2014 - Open"]
[Site "Tromsø"]
[Date "03.08.2014"]
[Round "2.7"]
[Board "4"]
[White "Shankland, Samuel L"]
[Black "Martinez Romero, Martin"]
[Result "1-0"]
[WhiteTitle "GM"]
[BlackTitle "IM"]
[WhiteElo "2624"]
[BlackElo "2387"]
[WhiteTeam "United States of America"]
[BlackTeam "Colombia"]
[WhiteFideId "2004887"]
[BlackFideId "4404025"]
[EventDate "2014.08.02"]

1. e4 c5 2. Nf3 d6 3. d4 cxd4 4. Nxd4 Nf6 5. Nc3 Nc6 6. Bg5 e6 7. Qd2 Be7 8.
O-O-O O-O 9. f4 h6 10. Bh4 e5 11. Nf5 Bxf5 12. exf5 Qa5 13. g4 exf4 14. Qxf4 d5
15. g5 hxg5 16. Bxg5 d4 17. Bxf6 Bxf6 18. Ne4 Be5 19. Qg5 Nb4 20. f6 Bf4+ 21.
Qxf4 Rac8 22. Bd3 Qa4 23. Qf2 Rxc2+ 24. Bxc2 Rc8 25. Rd2 Qxa2 26. Kd1 Qa1+ 27.
Ke2 Qxh1 28. Qg3 g6 29. Bd3 Nxd3 30. Kxd3 Rd8 31. Qf4 b5 32. Ng3 Qc6 33. Ke2 Rd6
34. Ne4 Re6 35. Rxd4 Qc2+ 36. Kf3 Qb3+ 37. Nc3 1-0

[Event "Olimpiade 2014 - Open"]
[Site "Tromsø"]
[Date "03.08.2014"]
[Round "2.8"]
[Board "2"]
[White "Mehmeti, Dritan"]
[Black "Yu, Yangyi"]
[Result "0-1"]
[WhiteTitle "IM"]
[BlackTitle "GM"]
[WhiteElo "2416"]
[BlackElo "2668"]
[WhiteTeam "Albania"]
[BlackTeam "China"]
[WhiteFideId "4700600"]
[BlackFideId "8603820"]
[EventDate "2014.08.02"]

1. d4 d5 2. Bg5 f6 3. Bh4 Nh6 4. e3 Nf5 5. Bd3 Nxh4 6. Qh5+ g6 7. Qxh4 Bg7 8. c4
Nc6 9. cxd5 Nb4 10. Be4 f5 11. a3 Nxd5 12. Bf3 O-O 13. Ne2 e5 14. Qxd8 Rxd8 15.
Bxd5+ Rxd5 16. Nbc3 Rd8 17. O-O-O Be6 18. dxe5 Bxe5 19. Rxd8+ Rxd8 20. Rd1 Rxd1+
21. Kxd1 Bc4 22. f4 Bg7 23. Kc2 Bf8 24. Nd4 c6 25. e4 Bf1 26. exf5 Bxg2 27. fxg6
hxg6 28. Kd3 Bd6 29. Ke3 Bh3 30. Ne4 Be7 31. Ng5 Bg4 32. Ndf3 Kg7 33. Ne4 Kh6
34. Ne5 Be6 35. Kf3 Kg7 36. Ke3 Kh6 37. Kf3 a5 38. Ke3 Bd5 39. Kd4 b6 40. Nd7 b5
41. Ndf6 Be6 42. Ke5 Bb3 43. f5 gxf5 44. Kxf5 c5 45. Ke5 b4 46. axb4 cxb4 47.
Nd2 Ba2 48. b3 Kg5 49. Nd5 Bf8 50. Kd4 Kh4 51. Kc4 Kh3 52. Nf3 Kg2 53. Nd4 Kxh2
54. Nc6 a4 55. Ncxb4 Bxb3+ 56. Kc3 Bg7+ 57. Kd2 a3 58. Nc3 Kg2 59. Nba2 Kf1 60.
Kd3 Bh6 61. Nb4 Kf2 62. Nba2 Kf3 63. Kd4 Bc2 64. Nb5 Bb3 65. Nbc3 Bg7+ 66. Kd3
Bf7 67. Nb4 Bg6+ 68. Kc4 Bf7+ 69. Kd3 Kf2 70. Nba2 Ke1 71. Kc2 Bf8 72. Nc1 Bg6+
73. Kb3 Kd2 74. N1a2 Bf7+ 75. Ka4 Kc2 76. Ne2 Bxa2 77. Nd4+ Kb2 0-1

[Event "Olimpiade 2014 - Open"]
[Site "Tromsø"]
[Date "03.08.2014"]
[Round "2.8"]
[Board "3"]
[White "Ni, Hua"]
[Black "Ashiku, Franc"]
[Result "1-0"]
[WhiteTitle "GM"]
[WhiteElo "2666"]
[BlackElo "2284"]
[WhiteTeam "China"]
[BlackTeam "Albania"]
[WhiteFideId "8601160"]
[BlackFideId "4700066"]
[EventDate "2014.08.02"]

1. e4 e5 2. Nf3 Nc6 3. Bb5 Nf6 4. d3 Bc5 5. Bxc6 dxc6 6. Nbd2 Bg4 7. h3 Bxf3 8.
Qxf3 Nd7 9. Nc4 Qe7 10. O-O h5 11. Bd2 Bd6 12. a4 Nc5 13. b4 Ne6 14. c3 c5 15.
b5 g6 16. a5 a6 17. Rab1 axb5 18. Rxb5 Ra7 19. Rfb1 Nd8 20. d4 cxd4 21. cxd4
exd4 22. Bg5 Qd7 23. Nxd6+ cxd6 24. Qf6 O-O 25. Bh6 Ne6 26. Bxf8 Kxf8 27. a6 Nc5
28. Rxc5 dxc5 29. Qh8+ Ke7 30. Qe5+ 1-0

[Event "Olimpiade 2014 - Open"]
[Site "Tromsø"]
[Date "03.08.2014"]
[Round "2.9"]
[Board "2"]
[White "Mamedov, Rauf"]
[Black "Greet, Andrew N"]
[Result "1-0"]
[WhiteTitle "GM"]
[BlackTitle "IM"]
[WhiteElo "2659"]
[BlackElo "2431"]
[WhiteTeam "Azerbaijan"]
[BlackTeam "Scotland"]
[WhiteFideId "13401653"]
[BlackFideId "405817"]
[EventDate "2014.08.02"]

1. e4 e6 2. d4 d5 3. Nd2 c5 4. exd5 Qxd5 5. Ngf3 cxd4 6. Bc4 Qd6 7. O-O Nf6 8.
Nb3 Nc6 9. Nbxd4 Nxd4 10. Nxd4 Be7 11. c3 O-O 12. Qf3 Qc7 13. Bd3 Bd7 14. Re1
Rfe8 15. Bg5 Nd5 16. Bxe7 Rxe7 17. Rad1 Be8 18. Qe4 Nf6 19. Qh4 Rd8 20. Re3 h6
21. Rde1 Red7 22. Rg3 Kf8 23. Rf3 Qa5 24. Nb3 Qxa2 25. Nc5 Rd5 26. Qb4 Kg8 27.
Rg3 a5 28. Qb6 R8d6 29. Qc7 Qxb2 30. h3 Nh5 31. Qe7 Rd8 32. Rf3 Nf6 33. Nxe6
fxe6 34. Rxf6 Rxd3 35. Qxe6+ Kh7 36. Qf5+ Bg6 37. Qxg6+ Kh8 38. Re8+ Rxe8 39.
Qxe8+ Kh7 40. Qe4+ Kg8 41. Qe6+ 1-0

[Event "Olimpiade 2014 - Open"]
[Site "Tromsø"]
[Date "03.08.2014"]
[Round "2.9"]
[Board "3"]
[White "Shaw, John"]
[Black "Safarli, Eltaj"]
[Result "0-1"]
[WhiteTitle "GM"]
[BlackTitle "GM"]
[WhiteElo "2419"]
[BlackElo "2649"]
[WhiteTeam "Scotland"]
[BlackTeam "Azerbaijan"]
[WhiteFideId "2400553"]
[BlackFideId "13402129"]
[EventDate "2014.08.02"]

1. e4 c5 2. b3 g6 3. Bb2 Nf6 4. Qf3 Bg7 5. e5 Ng8 6. e6 Nf6 7. exf7+ Kxf7 8. g4
h6 9. Nc3 Nc6 10. O-O-O Nd4 11. Qg3 d5 12. h3 a6 13. f4 h5 14. g5 h4 15. Qf2 Nh5
16. Nxd5 Ng3 17. Bg2 Nxh1 18. Bxh1 Be6 19. Ne3 Qd7 20. c3 Rac8 21. Kb1 Nf5 22.
Be4 Nxe3 23. Qxe3 Bf5 24. Nf3 Bxe4+ 25. Qxe4 Qxh3 26. Qxb7 Qf5+ 27. Kc1 h3 28.
Re1 h2 29. Qxe7+ Kg8 30. Rh1 Rh3 31. Qe2 Qg4 32. Qc4+ Kh7 33. Nxh2 Qg2 34. Rd1
Rxh2 35. f5 gxf5 36. Qf7 Qxg5 37. c4 Rf8 38. Qc7 f4 39. Re1 Kh8 0-1

[Event "Olimpiade 2014 - Open"]
[Site "Tromsø"]
[Date "03.08.2014"]
[Round "2.9"]
[Board "4"]
[White "Guseinov, Gadir"]
[Black "Tate, Alan"]
[Result "1-0"]
[WhiteTitle "GM"]
[BlackTitle "FM"]
[WhiteElo "2613"]
[BlackElo "2347"]
[WhiteTeam "Azerbaijan"]
[BlackTeam "Scotland"]
[WhiteFideId "13401378"]
[BlackFideId "2401878"]
[EventDate "2014.08.02"]

1. e4 e5 2. Nf3 Nc6 3. Bb5 a6 4. Ba4 Nge7 5. d3 g6 6. O-O Bg7 7. c3 O-O 8. Re1
d6 9. Nbd2 h6 10. Nf1 f5 11. Bb3+ Kh7 12. exf5 Nxf5 13. h3 Qf6 14. Qe2 Bd7 15.
N1d2 Nh4 16. Bd5 Rae8 17. Nxh4 Qxh4 18. Be4 b6 19. Nf3 Qd8 20. Ng5+ hxg5 21.
Qh5+ Kg8 22. Bxg6 Rf6 23. Bxg5 Ree6 24. d4 Rxg6 25. Bxd8 Nxd8 26. dxe5 Bc6 27.
exd6 Rxg2+ 28. Kf1 Rf6 29. Re8+ Bf8 30. Qh4 Rfg6 31. Rxf8+ Kxf8 32. Qxd8+ Kg7
33. Qxc7+ Kh6 34. Qxc6 Rg1+ 35. Ke2 Rxa1 36. Qd5 1-0

[Event "Olimpiade 2014 - Open"]
[Site "Tromsø"]
[Date "03.08.2014"]
[Round "2.10"]
[Board "2"]
[White "Khusenkhojaev, Muhammad"]
[Black "Smirin, Ilia"]
[Result "1/2-1/2"]
[WhiteTitle "IM"]
[BlackTitle "GM"]
[WhiteElo "2410"]
[BlackElo "2656"]
[WhiteTeam "Tajikistan"]
[BlackTeam "Israel"]
[WhiteFideId "14700247"]
[BlackFideId "2801990"]
[EventDate "2014.08.02"]

1. Nf3 Nf6 2. c4 g6 3. g3 Bg7 4. Bg2 O-O 5. O-O d6 6. d4 Nbd7 7. Nc3 e5 8. e4
exd4 9. Nxd4 Re8 10. Re1 Nc5 11. h3 Bd7 12. Nb3 Na4 13. Nxa4 Bxa4 14. c5 Bc6 15.
Qc2 Nxe4 16. Rxe4 Bxe4 17. Bxe4 d5 18. Bf3 Re1+ 19. Kg2 Qd7 20. Bd2 Rxa1 21.
Nxa1 Qb5 22. Qb3 Qxb3 23. Nxb3 Bxb2 24. Bxd5 c6 25. Bf3 Rd8 26. Kf1 Bd4 27. Ba5
b6 28. Nxd4 Rxd4 29. cxb6 axb6 30. Bxb6 Ra4 31. Be3 Rxa2 32. Bxc6 h5 33. g4 hxg4
34. hxg4 Ra6 35. Bb7 Ra4 36. g5 Kg7 37. Ke2 f6 38. gxf6+ Kxf6 39. Kf3 Kg7 40.
Kg3 Kf6 41. f3 Kg7 42. Be4 Kh7 43. Kg4 Ra5 44. Bd4 Kh6 45. Bf6 Rb5 46. Be7 Kg7
47. Bd6 Kh6 48. f4 Kh7 49. Be5 Kh6 50. Bf6 Rb3 51. Bc2 Ra3 52. Be7 Rc3 53. Ba4
Kg7 54. Bb5 Rb3 55. Ba4 Rc3 56. Bd6 Rd3 57. Bb4 Re3 58. Bc6 Rb3 59. Bc5 Kh7 60.
Be8 Rc3 61. Bd6 Rd3 62. Be5 Kh6 63. Bf7 Ra3 64. Bd6 Ra5 65. Bf8+ Kh7 1/2-1/2

[Event "Olimpiade 2014 - Open"]
[Site "Tromsø"]
[Date "03.08.2014"]
[Round "2.10"]
[Board "3"]
[White "Sutovsky, Emil"]
[Black "Khamdamov, Suhrob"]
[Result "1-0"]
[WhiteTitle "GM"]
[BlackTitle "IM"]
[WhiteElo "2624"]
[BlackElo "2301"]
[WhiteTeam "Israel"]
[BlackTeam "Tajikistan"]
[WhiteFideId "2802007"]
[BlackFideId "14700042"]
[EventDate "2014.08.02"]

1. e4 e5 2. Nf3 Nc6 3. Bb5 a6 4. Ba4 Nf6 5. O-O Be7 6. Re1 b5 7. Bb3 d6 8. c3
O-O 9. d4 Bg4 10. Be3 exd4 11. cxd4 Na5 12. Bc2 c5 13. h3 Bh5 14. Nc3 Nc4 15.
dxc5 dxc5 16. e5 Qxd1 17. Raxd1 Bxf3 18. exf6 Bxd1 19. fxe7 Bxc2 20. exf8=Q+
Rxf8 21. Bxc5 Rd8 22. b3 Nb2 23. Re2 Nd3 24. Bb6 Rc8 25. Nd5 Kh8 26. Ne7 Bd1 27.
Rd2 Rc1 28. Kh2 Bc2 29. Be3 1-0

[Event "Olimpiade 2014 - Open"]
[Site "Tromsø"]
[Date "03.08.2014"]
[Round "2.10"]
[Board "4"]
[White "Kabilov, Amin"]
[Black "Postny, Evgeny"]
[Result "0-1"]
[BlackTitle "GM"]
[WhiteElo "2181"]
[BlackElo "2651"]
[WhiteTeam "Tajikistan"]
[BlackTeam "Israel"]
[WhiteFideId "14700859"]
[BlackFideId "2804344"]
[EventDate "2014.08.02"]

1. Nf3 d5 2. g3 c6 3. Bg2 Bg4 4. b3 e6 5. Bb2 Nf6 6. O-O Bd6 7. d3 O-O 8. Qe1
Nbd7 9. e4 dxe4 10. dxe4 Bxf3 11. Bxf3 Be5 12. Bxe5 Nxe5 13. Bg2 Qd4 14. Nc3 Qc5
15. Rd1 Rad8 16. Rd2 b5 17. Qd1 Qb6 18. Rxd8 Rxd8 19. Qe2 b4 20. Nd1 Qd4 21. Qe3
c5 22. f4 Nc6 23. Qxd4 Nxd4 24. Ne3 Ne2+ 25. Kh1 Rd2 26. e5 Nd5 27. Bxd5 exd5
28. Rd1 Rxd1+ 29. Nxd1 Nc3 30. Nxc3 bxc3 31. Kg2 d4 32. Kf3 d3 33. e6 fxe6 0-1

[Event "Olimpiade 2014 - Open"]
[Site "Tromsø"]
[Date "03.08.2014"]
[Round "2.11"]
[Board "2"]
[White "Short, Nigel D"]
[Black "Goh, Wei Ming Kevin"]
[Result "1/2-1/2"]
[WhiteTitle "GM"]
[BlackTitle "IM"]
[WhiteElo "2665"]
[BlackElo "2433"]
[WhiteTeam "England"]
[BlackTeam "Singapore"]
[WhiteFideId "400025"]
[BlackFideId "5800706"]
[EventDate "2014.08.02"]

1. e4 e6 2. d4 d5 3. Nd2 Nf6 4. e5 Nfd7 5. f4 c5 6. c3 Nc6 7. Ndf3 Qb6 8. a3 a5
9. b3 Be7 10. h4 f6 11. Bd3 Qc7 12. Ne2 Rb8 13. a4 cxd4 14. cxd4 Nb4 15. O-O
Nxd3 16. Qxd3 O-O 17. Ba3 Bxa3 18. Rxa3 Nc5 19. Qc3 Na6 20. Qxc7 Nxc7 21. h5 h6
22. exf6 gxf6 23. f5 e5 24. Nh4 Bd7 25. Ng6 Rfe8 26. Raa1 Na6 27. Rac1 Kf7 28.
g4 b5 29. Rfe1 bxa4 30. bxa4 Rb4 31. Kf2 exd4 32. Nef4 Rb2+ 33. Kf1 Re3 34. Nxd5
Rf3+ 35. Kg1 Rg3+ 36. Kf1 Rf3+ 37. Kg1 1/2-1/2

[Event "Olimpiade 2014 - Open"]
[Site "Tromsø"]
[Date "03.08.2014"]
[Round "2.11"]
[Board "3"]
[White "Gong, Qianyun"]
[Black "Howell, David W L"]
[Result "0-1"]
[WhiteTitle "WIM"]
[BlackTitle "GM"]
[WhiteElo "2328"]
[BlackElo "2650"]
[WhiteTeam "Singapore"]
[BlackTeam "England"]
[WhiteFideId "8602425"]
[BlackFideId "410608"]
[EventDate "2014.08.02"]

1. e4 e5 2. Bc4 Nf6 3. d3 c6 4. Nf3 h6 5. Nc3 d6 6. h3 g6 7. Be3 Bg7 8. Qd2 Nbd7
9. Bb3 Qe7 10. d4 a5 11. d5 a4 12. Bxa4 Nxe4 13. Nxe4 Rxa4 14. dxc6 Rxe4 15.
cxd7+ Bxd7 16. O-O-O Ra4 17. a3 Ra6 18. Rhe1 Be6 19. g4 Qc7 20. Ng1 h5 21. gxh5
Rxh5 22. f4 Qc4 23. fxe5 Rxe5 24. Nf3 Rb5 25. Bd4 Qa2 26. Qe3 Rxb2 27. Bxb2
Qxb2+ 28. Kd2 Rxa3 29. Qf4 Bc3+ 30. Ke2 Qxc2+ 31. Nd2 Be5 32. Qe4 Qc3 33. Rc1
Qxh3 34. Rh1 Bg4+ 35. Kf2 Qg3+ 0-1

[Event "Olimpiade 2014 - Open"]
[Site "Tromsø"]
[Date "03.08.2014"]
[Round "2.11"]
[Board "4"]
[White "Sadler, Matthew D"]
[Black "Tin, Jingyao"]
[Result "1-0"]
[WhiteTitle "GM"]
[BlackTitle "FM"]
[WhiteElo "2653"]
[BlackElo "2251"]
[WhiteTeam "England"]
[BlackTeam "Singapore"]
[WhiteFideId "400173"]
[BlackFideId "5804418"]
[EventDate "2014.08.02"]

1. e4 c5 2. Nf3 e6 3. d3 Nc6 4. g3 d5 5. Nbd2 Nf6 6. Bg2 Be7 7. O-O O-O 8. Re1
b5 9. e5 Nd7 10. Nf1 Qc7 11. Bf4 Bb7 12. h4 d4 13. N1d2 Rfd8 14. g4 Nb4 15. a3
Nd5 16. Bg3 Rac8 17. Ne4 Qb6 18. Qd2 b4 19. g5 bxa3 20. bxa3 Qc6 21. h5 N7b6 22.
Nd6 Bxd6 23. exd6 Rxd6 24. Ne5 Qe8 25. Nxf7 Qxf7 26. Bxd6 Nc3 27. Bxb7 Qxb7 28.
Qf4 Qf7 29. Qg4 Kh8 30. g6 Qf5 31. Qxf5 exf5 32. Re6 Nd7 33. Rae1 Nf6 34. Bxc5 1-0